| 000 | 00889cam a22002893a 4500 | ||
|---|---|---|---|
| 001 | 26310 | ||
| 003 | PGUSA | ||
| 005 | 20140828083551.0 | ||
| 008 | 080814s2008||||xxu|||||s|||||000 1 eng d | ||
| 040 |
_aPGUSA _beng |
||
| 042 | _adc | ||
| 050 | 4 | _aPZ | |
| 100 | 1 |
_aMolesworth, _cMrs, _d1839-1921 |
|
| 245 | 1 | 0 |
_aMy New Home _h[electronic resource] / _cMolesworth, |
| 260 |
_bProject Gutenberg, _c2008 |
||
| 506 | _aPublic domain in the USA. | ||
| 516 | _aElectronic text | ||
| 653 | _aConduct of life -- Juvenile fiction | ||
| 653 | _aGrandparent and child -- Juvenile fiction | ||
| 653 | _aCousins -- Juvenile fiction | ||
| 653 | _aOrphans -- Juvenile fiction | ||
| 653 | _aFriendship -- Juvenile fiction | ||
| 700 | 1 |
_aBrooke, L. Leslie _q(Leonard Leslie), _d1862-1940 |
|
| 830 | 0 |
_aProject Gutenberg _v26310 |
|
| 856 | 4 | 0 | _uhttp://www.gutenberg.org/ebooks/26310 |
| 942 | _cEB | ||
| 999 |
_c255565 _d255565 |
||